[Event "Nezhmetdinov Memorial 30th"]
[Site "Kazan"]
[Date "2008.06.02"]
[Round "2"]
[White "Demianjuk, Alexander"]
[Black "Kharlov, Andrei"]
[Result "1/2-1/2"]
[WhiteElo "2317"]
[BlackElo "2499"]
[PlyCount "53"]
[EventDate "2008.06.01"]
[EventType "swiss"]
[EventRounds "9"]
[EventCountry "RUS"]
[SourceTitle "EXT 2009"]
[Source "ChessBase"]
[SourceDate "2008.11.26"]
[SourceVersion "1"]
[SourceVersionDate "2008.11.26"]
[SourceQuality "1"]

1. e4 c5 2. Nf3 Nc6 3. d4 cxd4 4. Nxd4 Nf6 5. Nc3 d6 6. Bg5 e6 7. Qd2 Be7 8.
O-O-O O-O 9. f4 Nxd4 10. Qxd4 Qc7 11. Be2 Rd8 12. Qe3 a6 13. e5 dxe5 14. Rxd8+
Bxd8 15. fxe5 Nd7 16. Bxd8 Qxd8 17. Rd1 Qc7 18. Qg5 f6 19. exf6 Nxf6 20. Rf1 h6
21. Qg6 Qe5 22. Bd3 Bd7 23. Ne4 Rf8 24. Rxf6 Rxf6 25. Nxf6+ Qxf6 26. Qxf6 gxf6
27. Be4 1/2-1/2

[Event "Nezhmetdinov Memorial 30th"]
[Site "Kazan"]
[Date "2008.06.03"]
[Round "3"]
[White "Kharlov, Andrei"]
[Black "Hojamgulyev, Bahodur"]
[Result "1-0"]
[WhiteElo "2499"]
[BlackElo "2256"]
[PlyCount "41"]
[EventDate "2008.06.01"]
[EventType "swiss"]
[EventRounds "9"]
[EventCountry "RUS"]
[SourceTitle "EXT 2009"]
[Source "ChessBase"]
[SourceDate "2008.11.26"]
[SourceVersion "1"]
[SourceVersionDate "2008.11.26"]
[SourceQuality "1"]

1. d4 g6 2. e4 Bg7 3. Nc3 d6 4. Bg5 c6 5. Qd2 Nd7 6. f4 Qb6 7. Nf3 e5 8. O-O-O
h6 9. Bh4 exf4 10. Bc4 g5 11. Bxg5 hxg5 12. Nxg5 Nh6 13. Rhf1 Ne5 14. dxe5 Bxe5
15. Rxf4 f6 16. Nf3 Bg4 17. Nxe5 fxe5 18. Rxg4 Nxg4 19. Qxd6 Qe3+ 20. Kb1 Qf4
21. Qg6+ 1-0

[Event "Nezhmetdinov Memorial 30th"]
[Site "Kazan"]
[Date "2008.06.06"]
[Round "6"]
[White "Kharlov, Andrei"]
[Black "Kupreichik, Viktor"]
[Result "1/2-1/2"]
[WhiteElo "2499"]
[BlackElo "2414"]
[PlyCount "91"]
[EventDate "2008.06.01"]
[EventType "swiss"]
[EventRounds "9"]
[EventCountry "RUS"]
[SourceTitle "EXT 2009"]
[Source "ChessBase"]
[SourceDate "2008.11.26"]
[SourceVersion "1"]
[SourceVersionDate "2008.11.26"]
[SourceQuality "1"]

1. d4 Nf6 2. c4 g6 3. Nc3 Bg7 4. Nf3 d6 5. g3 O-O 6. Bg2 Nc6 7. O-O Bd7 8. b3
a6 9. h3 Rb8 10. a4 e5 11. e3 Nh5 12. Bb2 f5 13. dxe5 dxe5 14. e4 Nf6 15. exf5
Bxf5 16. Nd5 Be4 17. Re1 Bxf3 18. Bxf3 Nd4 19. Bxd4 exd4 20. Ra2 Nxd5 21. Bxd5+
Kh8 22. Qd3 c6 23. Bg2 Qd7 24. h4 Rbe8 25. Rae2 Rxe2 26. Rxe2 Re8 27. Rxe8+
Qxe8 28. Be4 Bf6 29. Kg2 Qe5 30. Qf3 Kg7 31. Bd3 a5 32. Qg4 Kf7 33. Qc8 Qe7 34.
h5 Kg7 35. hxg6 hxg6 36. Qa8 Qc7 37. Qe8 Qf7 38. Qe4 Kh7 39. f4 Kg7 40. Kh3 g5
41. fxg5 Qh5+ 42. Qh4 Qxg5 43. Qh7+ Kf8 44. Qxb7 Qh6+ 45. Kg4 Qg5+ 46. Kh3
1/2-1/2

[Event "Nezhmetdinov Memorial 30th"]
[Site "Kazan"]
[Date "2008.06.07"]
[Round "7"]
[White "Sokolov, Sergei"]
[Black "Kharlov, Andrei"]
[Result "0-1"]
[WhiteElo "2362"]
[BlackElo "2499"]
[PlyCount "66"]
[EventDate "2008.06.01"]
[EventType "swiss"]
[EventRounds "9"]
[EventCountry "RUS"]
[SourceTitle "EXT 2009"]
[Source "ChessBase"]
[SourceDate "2008.11.26"]
[SourceVersion "1"]
[SourceVersionDate "2008.11.26"]
[SourceQuality "1"]

1. e4 c5 2. c3 Nf6 3. e5 Nd5 4. d4 cxd4 5. Qxd4 e6 6. Nf3 Nc6 7. Qe4 f5 8. Qe2
d6 9. g3 Qc7 10. exd6 Bxd6 11. Bg2 O-O 12. O-O Nb6 13. Nbd2 e5 14. Nc4 e4 15.
Nfd2 Be6 16. Nxd6 Qxd6 17. f3 exf3 18. Nxf3 Bc4 19. Rd1 Bxe2 20. Rxd6 Nc4 21.
Re6 Rae8 22. Ng5 h6 23. Bd5 Kh8 24. Nf7+ Kh7 25. Rxe2 Rxe2 26. Bxc4 Re7 27. Nd6
Re1+ 28. Kf2 Rd1 29. Nb5 a6 30. Nd4 Nxd4 31. cxd4 Rc8 32. Be6 Rc2+ 33. Kf3 Kg6
0-1

[Event "Nezhmetdinov Memorial 30th"]
[Site "Kazan"]
[Date "2008.06.08"]
[Round "8"]
[White "Azarov, Sergei"]
[Black "Kharlov, Andrei"]
[Result "0-1"]
[WhiteElo "2585"]
[BlackElo "2499"]
[PlyCount "100"]
[EventDate "2008.06.01"]
[EventType "swiss"]
[EventRounds "9"]
[EventCountry "RUS"]
[SourceTitle "EXT 2009"]
[Source "ChessBase"]
[SourceDate "2008.11.26"]
[SourceVersion "1"]
[SourceVersionDate "2008.11.26"]
[SourceQuality "1"]

1. e4 e5 2. Nf3 Nc6 3. Bb5 Nf6 4. O-O Nxe4 5. d4 Nd6 6. Bxc6 dxc6 7. dxe5 Nf5
8. Qxd8+ Kxd8 9. Nc3 Be6 10. Rd1+ Ke8 11. Ng5 Bc8 12. Ne2 Be7 13. Ne4 Nh4 14.
Bg5 Bf5 15. Bxe7 Kxe7 16. Rd4 Rad8 17. Nc5 Rxd4 18. Nxd4 Bc8 19. c3 Rd8 20. Re1
Nf5 21. Nf3 b6 22. Ne4 Rd3 23. h3 a5 24. a3 h6 25. Re2 Ba6 26. Rd2 Ke6 27. Rxd3
Bxd3 28. Ned2 Ba6 29. b4 axb4 30. axb4 Kd5 31. h4 Ne7 32. h5 Be2 33. Nd4 Bxh5
34. f4 g5 35. g3 gxf4 36. gxf4 Ng6 37. e6 fxe6 38. f5 exf5 39. Nxf5 Nf4 40. Kf2
Ke5 41. Nxh6 Nd5 42. c4 Nxb4 43. Ke3 c5 44. Ng8 Nc6 45. Ne4 Na5 46. Ngf6 Nxc4+
47. Kd3 Bg6 48. Nd7+ Kf4 49. Kxc4 Kxe4 50. Nb8 Ke5 0-1

[Event "Nezhmetdinov Memorial 30th"]
[Site "Kazan"]
[Date "2008.06.09"]
[Round "9"]
[White "Kharlov, Andrei"]
[Black "Akhmadeev, Vadim"]
[Result "1-0"]
[WhiteElo "2499"]
[BlackElo "2397"]
[PlyCount "71"]
[EventDate "2008.06.01"]
[EventType "swiss"]
[EventRounds "9"]
[EventCountry "RUS"]
[SourceTitle "EXT 2009"]
[Source "ChessBase"]
[SourceDate "2008.11.26"]
[SourceVersion "1"]
[SourceVersionDate "2008.11.26"]
[SourceQuality "1"]

1. d4 d5 2. c4 e6 3. Nc3 Nf6 4. cxd5 exd5 5. Bg5 Be7 6. e3 O-O 7. Bd3 Nbd7 8.
Nge2 Re8 9. Qc2 Nf8 10. h3 c6 11. O-O-O a5 12. g4 b5 13. Kb1 N6d7 14. Bxe7 Rxe7
15. e4 Nb6 16. e5 Nc4 17. Bxc4 dxc4 18. d5 Rxe5 19. Nd4 Qb6 20. Nxc6 Re8 21.
Rhe1 Rxe1 22. Rxe1 Bd7 23. Ne7+ Kh8 24. Ne4 f6 25. Qc3 Ng6 26. Qe3 Qb8 27. Nxf6
Be8 28. Nxe8 Qxe8 29. d6 Rd8 30. f4 b4 31. f5 Qa4 32. Nxg6+ hxg6 33. fxg6 b3
34. a3 c3 35. Qg5 c2+ 36. Kc1 1-0

[Event "Voronezh op-A"]
[Site "Voronezh"]
[Date "2008.06.12"]
[Round "1"]
[White "Musaev, Mansur"]
[Black "Kharlov, Andrei"]
[Result "1/2-1/2"]
[WhiteElo "2273"]
[BlackElo "2499"]
[PlyCount "113"]
[EventDate "2008.06.12"]
[EventType "swiss"]
[EventRounds "9"]
[EventCountry "RUS"]
[SourceTitle "CBM 125 Extra"]
[Source "ChessBase"]
[SourceDate "2008.09.01"]
[SourceVersion "1"]
[SourceVersionDate "2008.09.01"]
[SourceQuality "1"]

1. e4 e5 2. Nf3 Nc6 3. Bb5 Nf6 4. O-O Nxe4 5. d4 Nd6 6. Bxc6 dxc6 7. dxe5 Nf5
8. Qxd8+ Kxd8 9. Rd1+ Ke8 10. Nc3 Ne7 11. h3 Ng6 12. b3 Be7 13. Bb2 Nf4 14. Re1
a5 15. Rad1 Ne6 16. Nd2 h5 17. Nde4 h4 18. Rf1 Rh5 19. f4 Nc5 20. Rfe1 Be6 21.
Kh2 Na6 22. Ne2 c5 23. a3 Rd8 24. N2c3 c4 25. bxc4 Bxc4 26. Nf6+ gxf6 27. exf6
Be6 28. fxe7 Rxd1 29. Rxd1 Kxe7 30. Ne4 Bf5 31. Nf6 Rh7 32. Nxh7 Bxh7 33. c4
Nc5 34. Bd4 Nd3 35. Be5 c5 36. Bc7 a4 37. Rb1 Be4 38. g3 Kd7 39. Ba5 hxg3+ 40.
Kxg3 Nxf4 41. Re1 Nh5+ 42. Kh4 Bg6 43. Re5 Ng7 44. Kg5 Kc6 45. Kf6 Nh5+ 46. Ke7
Ng3 47. Be1 Nf5+ 48. Kd8 Nd6 49. Re7 Nxc4 50. Rc7+ Kd5 51. Rxb7 Nxa3 52. Ra7
Nc2 53. Bf2 a3 54. Ra5 Kc4 55. Bxc5 a2 56. Rxa2 Kxc5 57. Ke7 1/2-1/2

[Event "Voronezh op-A"]
[Site "Voronezh"]
[Date "2008.06.13"]
[Round "2"]
[White "Kharlov, Andrei"]
[Black "Bulanov, Dmitri"]
[Result "0-1"]
[WhiteElo "2499"]
[BlackElo "2268"]
[PlyCount "96"]
[EventDate "2008.06.12"]
[EventType "swiss"]
[EventRounds "9"]
[EventCountry "RUS"]
[SourceTitle "CBM 125 Extra"]
[Source "ChessBase"]
[SourceDate "2008.09.01"]
[SourceVersion "1"]
[SourceVersionDate "2008.09.01"]
[SourceQuality "1"]

1. d4 f5 2. g3 g6 3. Bg2 Bg7 4. e4 fxe4 5. Bxe4 d5 6. Bg2 Nc6 7. c3 e5 8. dxe5
Nxe5 9. f4 Bg4 10. Ne2 Nd7 11. h3 Bf5 12. O-O Be4 13. Bxe4 dxe4 14. Qd5 Ngf6
15. Qxb7 O-O 16. Nd2 Nc5 17. Qc6 Qd6 18. Qxd6 cxd6 19. Nd4 Rfe8 20. Nc4 Rad8
21. f5 d5 22. Ne3 Nd3 23. Ne6 Rxe6 24. fxe6 Re8 25. Nd1 Rxe6 26. Be3 Nh5 27. g4
Ng3 28. Rf2 Nxf2 29. Kxf2 Be5 30. Bxa7 Rf6+ 31. Kg2 Ne2 32. Be3 Rf3 33. a4 Bf4
34. Bb6 Bb8 35. Ne3 Nf4+ 36. Kh1 Rxh3+ 37. Kg1 Rg3+ 38. Kf1 Rf3+ 39. Ke1 Nd3+
40. Kd1 Bf4 41. Nc2 Nxb2+ 42. Ke2 Rxc3 43. Nb4 Nc4 44. Bd4 Rh3 45. Nxd5 Rh2+
46. Bf2 e3 47. Kd3 Rxf2 48. Kxc4 e2 0-1

[Event "Voronezh op-A"]
[Site "Voronezh"]
[Date "2008.06.14"]
[Round "3"]
[White "Elkin, Maxim"]
[Black "Kharlov, Andrei"]
[Result "0-1"]
[WhiteElo "2242"]
[BlackElo "2499"]
[PlyCount "78"]
[EventDate "2008.06.12"]
[EventType "swiss"]
[EventRounds "9"]
[EventCountry "RUS"]
[SourceTitle "CBM 125 Extra"]
[Source "ChessBase"]
[SourceDate "2008.09.01"]
[SourceVersion "1"]
[SourceVersionDate "2008.09.01"]
[SourceQuality "1"]

1. e4 c5 2. Nf3 Nc6 3. d4 cxd4 4. Nxd4 e6 5. Be3 Nf6 6. Bd3 d5 7. Nxc6 bxc6 8.
e5 Nd7 9. f4 Bc5 10. Bxc5 Nxc5 11. b4 Nxd3+ 12. Qxd3 O-O 13. Nd2 Qb6 14. Qc3 a5
15. Rb1 axb4 16. Rxb4 Qa7 17. Nb3 Ba6 18. Qc5 Bb5 19. Kd2 Qxc5 20. Nxc5 Rxa2
21. Rhb1 h5 22. R1b3 Ra1 23. Rg3 Rfa8 24. Nd7 h4 25. Rg4 Rf1 26. Nf6+ Kf8 27.
Nh7+ Ke7 28. Rxg7 Rf2+ 29. Kc3 Ra2 30. g3 Rfxc2+ 31. Kb3 d4 32. Rxd4 c5 33. Re4
Rcb2+ 34. Kc3 Rxh2 35. Kb3 Rad2 36. Re3 Rb2+ 37. Ka3 Ra2+ 38. Kb3 Rhb2+ 39. Kc3
Rc2+ 0-1

[Event "Voronezh op-A"]
[Site "Voronezh"]
[Date "2008.06.15"]
[Round "4"]
[White "Kharlov, Andrei"]
[Black "Ponomariov, Timur"]
[Result "0-1"]
[WhiteElo "2499"]
[BlackElo "2297"]
[PlyCount "72"]
[EventDate "2008.06.12"]
[EventType "swiss"]
[EventRounds "9"]
[EventCountry "RUS"]
[SourceTitle "CBM 125 Extra"]
[Source "ChessBase"]
[SourceDate "2008.09.01"]
[SourceVersion "1"]
[SourceVersionDate "2008.09.01"]
[SourceQuality "1"]

1. d4 d5 2. Bf4 c5 3. e4 dxe4 4. d5 Nf6 5. Nc3 a6 6. Qe2 Bf5 7. O-O-O g6 8. h3
h5 9. f3 exf3 10. Nxf3 Bg7 11. Ne5 Nbd7 12. d6 Ne4 13. dxe7 Qxe7 14. Rxd7 Bxd7
15. Qxe4 Bf5 16. Qe3 g5 17. Bh2 O-O-O 18. Na4 Rh6 19. Nc4 Qxe3+ 20. Nxe3 Be4
21. Nc3 Bd4 22. Ned1 Bc6 23. Bd3 b5 24. Be4 Re8 25. Bxc6 Rxc6 26. Nd5 f5 27. c3
Be5 28. g3 Rd6 29. N5e3 f4 30. Nf5 Rd3 31. gxf4 gxf4 32. Re1 Kd7 33. Nf2 Rf3
34. Ne4 Rxh3 35. Nxc5+ Kc6 36. Bg1 f3 0-1

[Event "Voronezh op-A"]
[Site "Voronezh"]
[Date "2008.06.16"]
[Round "5"]
[White "Manelis, Vladimir"]
[Black "Kharlov, Andrei"]
[Result "0-1"]
[WhiteElo "2289"]
[BlackElo "2499"]
[PlyCount "126"]
[EventDate "2008.06.12"]
[EventType "swiss"]
[EventRounds "9"]
[EventCountry "RUS"]
[SourceTitle "CBM 125 Extra"]
[Source "ChessBase"]
[SourceDate "2008.09.01"]
[SourceVersion "1"]
[SourceVersionDate "2008.09.01"]
[SourceQuality "1"]

1. e4 c5 2. c3 Nf6 3. e5 Nd5 4. d4 cxd4 5. cxd4 d6 6. Nf3 Nc6 7. Nc3 dxe5 8.
dxe5 Nxc3 9. Qxd8+ Nxd8 10. bxc3 Bd7 11. Be3 g6 12. Rb1 Bg7 13. Bb5 Bxb5 14.
Rxb5 a6 15. Rb3 O-O 16. O-O b5 17. a4 bxa4 18. Ra3 Nc6 19. Bd4 Rfb8 20. Rxa4 a5
21. h3 Rb5 22. Re1 e6 23. Rc4 Nxd4 24. cxd4 a4 25. Ra1 a3 26. Rc2 Bf8 27. Raa2
Rb1+ 28. Kh2 Bh6 29. Nd2 Rd1 30. Nc4 Rd3 31. g3 Bf8 32. Rd2 Rxd2 33. Nxd2 Ra4
34. Nb3 Rc4 35. Kg2 Bb4 36. Kf1 g5 37. Ke2 Kg7 38. f3 h5 39. g4 Kg6 40. Kf2 h4
41. Ke2 Kg7 42. Kf2 Bc3 43. Rxa3 Rb4 44. Na5 Bxd4+ 45. Ke2 Bxe5 46. Ra2 Rb1 47.
Nc6 Rh1 48. Ra7 Bf6 49. Kf2 Rxh3 50. Kg2 Rg3+ 51. Kf2 Bb2 52. Rb7 Ba3 53. Rb5
Kf6 54. Nb8 Bd6 55. Nd7+ Ke7 56. Ne5 Kf6 57. Nd7+ Kg6 58. Ne5+ Kg7 59. Ra5 Bb8
60. Nd3 Bf4 61. Ra1 h3 62. Rg1 h2 63. Rh1 Rg1 0-1

[Event "Voronezh op-A"]
[Site "Voronezh"]
[Date "2008.06.18"]
[Round "6"]
[White "Kharlov, Andrei"]
[Black "Airapetian, Gor"]
[Result "1/2-1/2"]
[WhiteElo "2499"]
[BlackElo "2320"]
[PlyCount "71"]
[EventDate "2008.06.12"]
[EventType "swiss"]
[EventRounds "9"]
[EventCountry "RUS"]
[SourceTitle "CBM 125 Extra"]
[Source "ChessBase"]
[SourceDate "2008.09.01"]
[SourceVersion "1"]
[SourceVersionDate "2008.09.01"]
[SourceQuality "1"]

1. d4 d5 2. Bf4 Nf6 3. e3 Bg4 4. Nf3 e6 5. c4 Bb4+ 6. Nc3 O-O 7. a3 Bxc3+ 8.
bxc3 c5 9. Bd3 Nc6 10. O-O dxc4 11. Bxc4 Nd5 12. Bxd5 Qxd5 13. h3 Bxf3 14. Qxf3
Qxf3 15. gxf3 cxd4 16. cxd4 Rac8 17. Rfd1 Rfd8 18. Rac1 f6 19. Kg2 Kf7 20. e4
Ne7 21. Be3 Rc6 22. d5 exd5 23. Bxa7 Rxc1 24. Rxc1 Ra8 25. Be3 dxe4 26. fxe4
Rxa3 27. Rc7 Ra6 28. Rxb7 Re6 29. Kf3 Rc6 30. Bd2 f5 31. exf5 Kf6 32. Bg5+ Kxg5
33. Rxe7 Kf6 34. Ra7 Rc5 35. Kg4 h5+ 36. Kg3 1/2-1/2

[Event "Voronezh op-A"]
[Site "Voronezh"]
[Date "2008.06.19"]
[Round "7"]
[White "Stukopin, Andrey"]
[Black "Kharlov, Andrei"]
[Result "0-1"]
[WhiteElo "2325"]
[BlackElo "2499"]
[PlyCount "112"]
[EventDate "2008.06.12"]
[EventType "swiss"]
[EventRounds "9"]
[EventCountry "RUS"]
[SourceTitle "CBM 125 Extra"]
[Source "ChessBase"]
[SourceDate "2008.09.01"]
[SourceVersion "1"]
[SourceVersionDate "2008.09.01"]
[SourceQuality "1"]

1. e4 c5 2. Nc3 e6 3. g3 Nc6 4. Bg2 g6 5. d3 Bg7 6. Be3 Nd4 7. Nge2 Ne7 8. O-O
O-O 9. Qd2 Qc7 10. Nd1 d5 11. c3 Nxe2+ 12. Qxe2 d4 13. Bf4 e5 14. Bd2 Be6 15.
f4 Qd7 16. cxd4 cxd4 17. Bb4 Rfe8 18. Nf2 Rac8 19. b3 Nc6 20. Bd2 a5 21. Qf3
Nb4 22. f5 gxf5 23. exf5 Bxf5 24. Ne4 Bg6 25. g4 Nc2 26. Rac1 Ne3 27. Bxe3 dxe3
28. Rce1 Rc2 29. a4 Rb2 30. g5 Qd4 31. Qxe3 Qxe3+ 32. Rxe3 Rxb3 33. Nd6 Rd8 34.
Bd5 Ra3 35. Bxf7+ Bxf7 36. Nxf7 Rdxd3 37. Re4 Rd4 38. Rxd4 exd4 39. Nd6 Rxa4
40. Nxb7 Bf8 41. Rd1 Bb4 42. Kg2 Bc3 43. Kf3 Rc4 44. Nd6 Rc6 45. Nf5 Kf7 46.
Ke4 Ra6 47. Nxd4 Bxd4 48. Rxd4 a4 49. Rd2 a3 50. Ra2 Kg6 51. h4 Kh5 52. Kf4 Ra5
53. Kg3 Ra4 54. Kf3 Kxh4 55. Ke3 Kxg5 56. Kd3 h5 0-1

[Event "Voronezh op-A"]
[Site "Voronezh"]
[Date "2008.06.20"]
[Round "8"]
[White "Kharlov, Andrei"]
[Black "Grishchenko, Sergey"]
[Result "1-0"]
[WhiteElo "2499"]
[BlackElo "2390"]
[PlyCount "85"]
[EventDate "2008.06.12"]
[EventType "swiss"]
[EventRounds "9"]
[EventCountry "RUS"]
[SourceTitle "CBM 125 Extra"]
[Source "ChessBase"]
[SourceDate "2008.09.01"]
[SourceVersion "1"]
[SourceVersionDate "2008.09.01"]
[SourceQuality "1"]

1. e4 c6 2. d4 d5 3. exd5 cxd5 4. c4 Nf6 5. Nc3 Nc6 6. Bg5 Be6 7. a3 Qd7 8.
Bxf6 gxf6 9. c5 Bf5 10. Bb5 e5 11. Nge2 Rg8 12. O-O h5 13. Ng3 Bg4 14. f3 h4
15. fxg4 hxg3 16. h3 O-O-O 17. b4 Bh6 18. Rxf6 Be3+ 19. Kh1 Bxd4 20. Rd6 Qe8
21. Nxd5 Rg6 22. Rc1 Rdxd6 23. cxd6 Rxd6 24. Bc4 Kb8 25. Qf3 Bf2 26. Nf6 Qd8
27. Ne4 Nd4 28. Qxf7 Rc6 29. Rd1 Qc8 30. Bf1 Rc7 31. Qd5 Qxg4 32. Nxf2 gxf2 33.
Rc1 Rxc1 34. hxg4 Rxf1+ 35. Kh2 Rc1 36. Qxe5+ Rc7 37. Qh8+ Rc8 38. Qf6 Rc2 39.
Qd8+ Rc8 40. Qd6+ Ka8 41. Qf6 Ne2 42. g3 Nd4 43. Kg2 1-0

[Event "Tatarstan-ch op"]
[Site "Kazan"]
[Date "2008.08.21"]
[Round "1"]
[White "Malygin, Alexander"]
[Black "Kharlov, Andrei"]
[Result "0-1"]
[WhiteElo "2164"]
[BlackElo "2501"]
[PlyCount "70"]
[EventDate "2008.08.21"]
[EventType "swiss"]
[EventRounds "9"]
[EventCountry "RUS"]
[SourceTitle "EXT 2010"]
[Source "ChessBase"]
[SourceDate "2009.11.30"]
[SourceVersion "1"]
[SourceVersionDate "2009.11.30"]
[SourceQuality "1"]

1. e4 c5 2. Nc3 Nc6 3. f4 g6 4. Nf3 Bg7 5. Bb5 Nd4 6. a4 Nxb5 7. axb5 b6 8. O-O
Bb7 9. d3 d5 10. Qe1 d4 11. Ne2 Qd7 12. Qg3 e6 13. Ne5 Qc7 14. Nc4 f5 15. e5
Bf8 16. Kh1 Nh6 17. b4 Nf7 18. bxc5 bxc5 19. Bd2 Be7 20. Ra4 Qd7 21. Rfa1 Qxb5
22. c3 dxc3 23. Nxc3 Qd7 24. Kg1 Bc6 25. Ra6 O-O 26. Qe3 Rfc8 27. R6a5 Rd8 28.
Be1 g5 29. Qg3 Qd4+ 30. Kf1 Qxf4+ 31. Qxf4 gxf4 32. Rxa7 Bf8 33. Ne2 Rxa7 34.
Rxa7 Rxd3 35. Rc7 Bb5 0-1

[Event "Tatarstan-ch op"]
[Site "Kazan"]
[Date "2008.08.22"]
[Round "2"]
[White "Kharlov, Andrei"]
[Black "Kamov, Igor"]
[Result "1-0"]
[WhiteElo "2501"]
[BlackElo "2253"]
[PlyCount "79"]
[EventDate "2008.08.21"]
[EventType "swiss"]
[EventRounds "9"]
[EventCountry "RUS"]
[SourceTitle "EXT 2010"]
[Source "ChessBase"]
[SourceDate "2009.11.30"]
[SourceVersion "1"]
[SourceVersionDate "2009.11.30"]
[SourceQuality "1"]

1. e4 c5 2. Nf3 e6 3. c3 d5 4. exd5 exd5 5. d4 Nc6 6. Bb5 Bd6 7. dxc5 Bxc5 8.
O-O Nge7 9. Nbd2 O-O 10. Nb3 Bb6 11. Re1 Bg4 12. Be3 Bxe3 13. Rxe3 Nf5 14. Re1
Nh4 15. Be2 Re8 16. Nxh4 Qxh4 17. Bxg4 Rxe1+ 18. Qxe1 Qxg4 19. Rd1 Qa4 20. Nc1
Rd8 21. Rxd5 h6 22. b3 Qa3 23. Rxd8+ Nxd8 24. Qd2 Ne6 25. Ne2 a5 26. h3 Ng5 27.
Ng3 Ne6 28. Ne4 b6 29. Kh2 Nc5 30. Nd6 Ne6 31. Nc4 Qc5 32. Qe3 Qc7+ 33. Qg3 Qa7
34. Qe3 Qc7+ 35. Qe5 Qd8 36. Qd6 Qf6 37. Qxb6 Qxc3 38. Qxa5 Qc2 39. Qd2 Qf5 40.
Qe3 1-0

[Event "Tatarstan-ch op"]
[Site "Kazan"]
[Date "2008.08.23"]
[Round "3"]
[White "Samusenko, Aleksandr"]
[Black "Kharlov, Andrei"]
[Result "1/2-1/2"]
[WhiteElo "2332"]
[BlackElo "2501"]
[PlyCount "71"]
[EventDate "2008.08.21"]
[EventType "swiss"]
[EventRounds "9"]
[EventCountry "RUS"]
[SourceTitle "EXT 2010"]
[Source "ChessBase"]
[SourceDate "2009.11.30"]
[SourceVersion "1"]
[SourceVersionDate "2009.11.30"]
[SourceQuality "1"]

1. Nf3 d5 2. c4 d4 3. e3 Nc6 4. exd4 Nxd4 5. Nxd4 Qxd4 6. Nc3 c6 7. d3 Nh6 8.
Be2 Nf5 9. O-O g6 10. g4 Ng7 11. Be3 Qd8 12. d4 h5 13. h3 hxg4 14. hxg4 e5 15.
Kg2 Qh4 16. Rh1 Qxh1+ 17. Qxh1 Rxh1 18. Rxh1 exd4 19. Bxd4 Ne6 20. Be5 Bg7 21.
Bxg7 Nxg7 22. Ne4 Ke7 23. Rh8 Ne8 24. c5 b6 25. Bf3 Bb7 26. g5 Rd8 27. cxb6
axb6 28. Nf6 Nc7 29. Rxd8 Kxd8 30. Kg3 Ne6 31. Nh7 Nd4 32. Be4 Ke7 33. f4 Bc8
34. Nf6 Be6 35. a3 Kd6 36. Kf2 1/2-1/2

[Event "Tatarstan-ch op"]
[Site "Kazan"]
[Date "2008.08.24"]
[Round "4"]
[White "Kharlov, Andrei"]
[Black "Sabaev, Evgueni"]
[Result "1-0"]
[WhiteElo "2501"]
[BlackElo "2248"]
[PlyCount "93"]
[EventDate "2008.08.21"]
[EventType "swiss"]
[EventRounds "9"]
[EventCountry "RUS"]
[SourceTitle "EXT 2010"]
[Source "ChessBase"]
[SourceDate "2009.11.30"]
[SourceVersion "1"]
[SourceVersionDate "2009.11.30"]
[SourceQuality "1"]

1. e4 e6 2. d4 d5 3. Nd2 Nc6 4. Ngf3 Nf6 5. e5 Nd7 6. Nb3 a5 7. a4 b6 8. c3 Be7
9. h4 Ba6 10. Bxa6 Rxa6 11. Qd3 Ra8 12. Ng5 Nf8 13. Qf3 Bxg5 14. hxg5 Qd7 15.
Be3 Rc8 16. Qe2 Ne7 17. g4 Ra8 18. Kf1 Nc6 19. Kg2 Kd8 20. Nd2 Kc8 21. b3 Kb7
22. Nf3 Qe7 23. c4 f6 24. cxd5 exd5 25. Rac1 Nb4 26. Kf1 Ng6 27. gxf6 gxf6 28.
Rh5 Rhg8 29. exf6 Qxf6 30. Rxh7 Rg7 31. Bg5 Qf7 32. Rxg7 Qxg7 33. Kg2 Rf8 34.
Qe3 Qd7 35. Kg3 Rh8 36. Bf6 Re8 37. Ne5 Qh7 38. Qf3 Nxe5 39. dxe5 c5 40. Qf5
Qxf5 41. gxf5 Nd3 42. Rd1 c4 43. bxc4 dxc4 44. f4 Kc6 45. Bg7 Kd5 46. f6 Ke6
47. f5+ 1-0

[Event "Tatarstan-ch op"]
[Site "Kazan"]
[Date "2008.08.26"]
[Round "6"]
[White "Kharlov, Andrei"]
[Black "Gabdrakhmanov, Rafail"]
[Result "1-0"]
[WhiteElo "2501"]
[BlackElo "2386"]
[PlyCount "79"]
[EventDate "2008.08.21"]
[EventType "swiss"]
[EventRounds "9"]
[EventCountry "RUS"]
[SourceTitle "EXT 2010"]
[Source "ChessBase"]
[SourceDate "2009.11.30"]
[SourceVersion "1"]
[SourceVersionDate "2009.11.30"]
[SourceQuality "1"]

1. e4 e5 2. Nf3 Nc6 3. Bb5 a6 4. Ba4 d6 5. O-O Bd7 6. c3 Nf6 7. Re1 Be7 8. d4
O-O 9. Nbd2 Re8 10. d5 Nb8 11. Bc2 a5 12. Nf1 Na6 13. Ng3 g6 14. c4 c6 15. h3
cxd5 16. cxd5 b5 17. Be3 Qb8 18. Qd2 Rc8 19. Rac1 Bd8 20. Bg5 Qb6 21. Nh2 Nb4
22. Bb1 Rxc1 23. Rxc1 Rc8 24. Rf1 Ne8 25. Be3 Qb7 26. Kh1 Bb6 27. Bh6 Qa7 28.
Qe2 Qc7 29. a3 Na6 30. Bd3 Rb8 31. f4 exf4 32. Bxf4 Bd4 33. Nf3 Bg7 34. e5 dxe5
35. Nxe5 Nd6 36. Nxf7 Re8 37. Qf3 Bf8 38. Nxd6 Bxd6 39. Bxd6 Qxd6 40. Ne4 1-0

[Event "Tatarstan-ch op"]
[Site "Kazan"]
[Date "2008.08.28"]
[Round "8"]
[White "Kharlov, Andrei"]
[Black "Isajevsky, Anton"]
[Result "1-0"]
[WhiteElo "2501"]
[BlackElo "2440"]
[PlyCount "93"]
[EventDate "2008.08.21"]
[EventType "swiss"]
[EventRounds "9"]
[EventCountry "RUS"]
[SourceTitle "EXT 2010"]
[Source "ChessBase"]
[SourceDate "2009.11.30"]
[SourceVersion "1"]
[SourceVersionDate "2009.11.30"]
[SourceQuality "1"]

1. e4 c5 2. c3 Nf6 3. e5 Nd5 4. d4 cxd4 5. Nf3 d6 6. Qxd4 e6 7. Nbd2 Nc6 8. Bb5
Bd7 9. Bxc6 Bxc6 10. Nc4 dxe5 11. Ncxe5 f6 12. Nxc6 bxc6 13. O-O Kf7 14. c4 Nb4
15. Qh4 h5 16. a3 Nc2 17. Rb1 Qd3 18. Bd2 Rd8 19. Bc3 Be7 20. Qf4 Bd6 21. Be5
Ke7 22. Bxd6+ Rxd6 23. c5 Rd7 24. Qa4 Rc8 25. h3 Nd4 26. Nxd4 Qxd4 27. b4 Rcc7
28. Rbd1 Qe4 29. Rfe1 Rxd1 30. Rxd1 h4 31. Qa5 Qe5 32. Qa6 Qe4 33. Rd6 Qe1+ 34.
Qf1 Qxf1+ 35. Kxf1 a5 36. bxa5 Ra7 37. Rxc6 Rxa5 38. Rc7+ Kf8 39. c6 Ra6 40.
Ke2 g6 41. Kd3 Ke8 42. Kc4 Kd8 43. Rd7+ Kc8 44. Rd6 Rxa3 45. Rxe6 Ra4+ 46. Kd5
Rf4 47. Kd6 1-0